000
00425nam a2200169Ia 4500
008
090711s9999 xx 000 0 und d
082
_b
69500
100
_a
इनामदार ना. स.
245
_a
राऊ
260
_c
1992
300
_a
418
600
_a
इनामदार ना. स.
630
_a
राऊ
700
_a
इनामदार ना. स.
730
_a
राऊ
942
_c
BOOK
999
_c
304008
_d
304008